U.S. States Named After European Royalty - Statistics

General Stats
  • This quiz has been taken 149 times
  • The average score is 5 of 7
Answer Stats
Answer % Correct
Virginia
89%
Georgia
81%
Maryland
71%
North Carolina
65%
South Carolina
65%
West Virginia
61%
Louisiana
58%
No matching quizzes found
Score Distribution
Percent of People with Each Score
Percentile by Number Answered
Your Score History
You have not taken this quiz